000
00261nam a22001217a 4500
008
170502b xxu||||| |||| 00| 0 eng d
041
_a
eng
080
_a
343.9
100
_a
13
101
_a
SHJ
245
_a
CRIMINAL JUSTICE
_c
MCDOWEL.CH.P
942
_2
udc
_c
BK
999
_c
12404
_d
12404